| 000 | 01374nam a22004457a 4500 | ||
|---|---|---|---|
| 003 | OSt | ||
| 005 | 20260407122858.0 | ||
| 007 | ta | ||
| 008 | 260407s2025 ag ||||| |||| 00| 0 spa d | ||
| 020 | _a9786313200276 | ||
| 040 | _ccj catamarca | ||
| 082 | _a347.61 G897 II | ||
| 100 | 1 | 0 |
_91 _aGuahnon, Silvia V. |
| 245 | 1 | 0 |
_aDerecho procesal familia: _bProcesos de familia concordados con los ordenamientos provinciales |
| 250 | _a1º ed. | ||
| 260 |
_aBuenos Aires: _bHammurabi, _c2025 |
||
| 300 |
_aV.2, 830 p. _c23 cm |
||
| 500 | _aINVENTARIO Nº 8144 | ||
| 650 | 7 | _2SAIJ | |
| 653 | _aDERECHO PROCESAL CIVIL | ||
| 653 | _aPROCESOS DE FAMILIA | ||
| 653 | _aALIMENTOS-EJECUCION | ||
| 653 | _aALIMENTOS-CESE | ||
| 653 | _aDIVORCIO | ||
| 653 | _aCOMPENSACION ECONOMICA | ||
| 653 | _aREGIMEN PATRIMONIAL-LIQUIDACION | ||
| 653 | _aREGIMEN PATRIMONIAL-VIOLENCIA DE GENERO | ||
| 653 | _aVIOLENCIA FAMILIAR Y DE GENERO | ||
| 653 | _aVIOLENCIA-PAREJA | ||
| 653 | _aVIOLENCIA-PROTECCION | ||
| 653 | _aCAPACIDAD JURIDICA | ||
| 653 | _aPERSONAS-INTERNACION | ||
| 653 | _aUNIONES CONVIVENCIALES | ||
| 653 | _aRESTITUCION INTERNACIONAL-NNA | ||
| 653 | _aNOMBRE | ||
| 653 | _aSALUD MENTAL | ||
| 700 | 0 |
_93 _aSeltzer, Martin E. _edir. |
|
| 856 | _uhttps://drive.google.com/file/d/14QD7ev9xk2rs59U_vcV59A9RZL9LKB5o/view?usp=sharing | ||
| 942 |
_2ddc _cBK _n0 |
||
| 999 |
_c6521 _d6521 |
||